[Event "26th Klatovy B 2018"]
[Site "Klatovy CZE"]
[Date "2018.07.01"]
[Round "2.68"]
[White "Lhotsky, Zdenek 1966"]
[Black "Nova, Anezka"]
[Result "1-0"]
[WhiteElo "1305"]
[BlackElo "1033"]
[PlyCount "123"]
[EventDate "2018.06.30"]
[EventType "swiss"]
[EventRounds "9"]
[EventCountry "CZE"]

1. e4 e5 2. Nf3 Nc6 3. Bb5 a6 4. Ba4 b5 5. Bb3 Bb4 6. c3 Bc5 7. O-O Nf6 8. d3 d6 9. Bg5 Na5 10. Bd5 Bb7 11. Bxb7 Nxb7 12. d4 Bb6 13. dxe5 dxe5 14. Nxe5 h6 15. Bxf6 Qxf6 16. Qd7+ Kf8 17. Qf5 Qxf5 18. exf5 Re8 19. Nd7+ Kg8 20. Nxb6 cxb6 21. Na3 Rd8 22. Rad1 Rxd1 23. Rxd1 Kh7 24. Nc2 Nc5 25. Nd4 Re8 26. Kf1 h5 27. Re1 Rd8 28. Re3 Na4 29. b4 Nb2 30. Ke2 Nc4 31. h3 Nxe3 32. Kxe3 Re8+ 33. Kf3 Rc8 34. Ne2 a5 35. a3 Kh6 36. g4 h4 37. Kf4 g5+ 38. Ke4 Re8+ 39. Kd3 Kg7 40. Nd4 Re5 41. Nf3 Rd5+ 42. Ke4 Rd1 43. Nxg5 Re1+ 44. Kd5 Rf1 45. Nf3 Rxf2 46. Nxh4 Rb2 47. Kc6 Rxb4 48. cxb4 axb4 49. axb4 Kf6 50. Kxb6 Kg5 51. Ng2 f6 52. Kxb5 Kh6 53. Kc6 Kg7 54. b5 Kf8 55. b6 Ke8 56. b7 Kf7 57. b8=Q Ke7 58. Qc7+ Kf8 59. Kd6 Kg8 60. Ke6 Kh8 61. Kxf6 Kg8 62. Qg7# 1-0

[Event "26th Klatovy B 2018"]
[Site "Klatovy CZE"]
[Date "2018.07.01"]
[Round "2.69"]
[White "Cinkova, Lenka"]
[Black "Cervenka, Jakub"]
[Result "1-0"]
[WhiteElo "1000"]
[BlackElo "1300"]
[PlyCount "79"]
[EventDate "2018.06.30"]
[EventType "swiss"]
[EventRounds "9"]
[EventCountry "CZE"]

1. d4 d5 2. c4 c6 3. Nc3 Bf5 4. e3 Nf6 5. Nf3 g6 6. Bd3 Ne4 7. O-O Bg7 8. cxd5 cxd5 9. Qa4+ Nc6 10. Bb5 Bd7 11. Nxd5 e6 12. Nb4 Nxb4 13. Qxb4 a5 14. Qa4 Bxb5 15. Qxb5+ Qd7 16. Qxd7+ Kxd7 17. Rd1 f5 18. d5 e5 19. a4 g5 20. Ra3 g4 21. Nh4 Nd6 22. g3 Rac8 23. Bd2 Rc2 24. Rb3 Rc5 25. Be1 Rhc8 26. Bc3 Ke7 27. f4 Rc4 28. fxe5 Ne4 29. Nxf5+ Kf7 30. Rxb7+ Kf8 31. Nxg7 R8c7 32. Ne6+ Ke7 33. Nxc7 Nxc3 34. Nb5+ Kd8 35. bxc3 Rxa4 36. Rb8+ Kd7 37. e6+ Ke7 38. Rb7+ Ke8 39. d6 Re4 40. Rb8# 1-0

[Event "26th Klatovy B 2018"]
[Site "Klatovy CZE"]
[Date "2018.07.01"]
[Round "2.70"]
[White "Zimmermann, Ladislav"]
[Black "Berkovec, Josef"]
[Result "0-1"]
[WhiteElo "1300"]
[BlackElo "1000"]
[PlyCount "78"]
[EventDate "2018.06.30"]
[EventType "swiss"]
[EventRounds "9"]
[EventCountry "CZE"]

1. e4 c5 2. Nc3 d6 3. d4 cxd4 4. Qxd4 Nc6 5. Qd1 Nf6 6. Bd3 g6 7. Bg5 Bg7 8. Rb1 Qa5 9. Nge2 Qxg5 10. O-O O-O 11. f4 Qc5+ 12. Kh1 Bg4 13. Qd2 a6 14. Na4 Qb4 15. Nac3 Rac8 16. a3 Qa5 17. Nc1 Bd7 18. Nb3 Qc7 19. Ne2 b5 20. c3 Qb6 21. Nbc1 Na5 22. b3 Ng4 23. Nd4 Bxd4 24. cxd4 Qxd4 25. Na2 Nc6 26. Rbc1 Be6 27. Rc3 Na5 28. Rxc8 Rxc8 29. h3 Nxb3 30. Qe2 Ne3 31. Rf3 Nc4 32. Bb1 Nbd2 33. Rd3 Qa1 34. Nc3 Nxb1 35. Nxb1 Qxb1+ 36. Rd1 Qb3 37. Rd3 Qb2 38. Qf3 Nb6 39. Rb3 Bxb3 0-1

[Event "26th Klatovy B 2018"]
[Site "Klatovy CZE"]
[Date "2018.07.01"]
[Round "2.71"]
[White "Nova, Michaela 1970"]
[Black "Krejbich, Lukas"]
[Result "0-1"]
[WhiteElo "1000"]
[BlackElo "1299"]
[PlyCount "20"]
[EventDate "2018.06.30"]
[EventType "swiss"]
[EventRounds "9"]
[EventCountry "CZE"]

1. e4 e5 2. Nc3 Nc6 3. g3 Bc5 4. d3 d6 5. Bg2 Nf6 6. Nge2 Ng4 7. O-O Qf6 8. Bf3 O-O 9. Nd5 Qxf3 10. Be3 Nxe3 0-1

[Event "26th Klatovy B 2018"]
[Site "Klatovy CZE"]
[Date "2018.07.01"]
[Round "2.72"]
[White "Day, Tobias"]
[Black "Merinsky, Stanislav"]
[Result "1-0"]
[WhiteElo "1287"]
[BlackElo "1000"]
[PlyCount "57"]
[EventDate "2018.06.30"]
[EventType "swiss"]
[EventRounds "9"]
[EventCountry "CZE"]

1. e4 e5 2. Nf3 Nc6 3. Bc4 d6 4. h3 Nf6 5. d3 Be6 6. Bb3 d5 7. exd5 Bxd5 8. Nc3 Nd4 9. Nxd5 Nxd5 10. Nxd4 exd4 11. Qe2+ Be7 12. Bg5 f6 13. Bd2 Qd7 14. Qh5+ g6 15. Qxd5 Qxd5 16. Bxd5 c6 17. Bb3 Bc5 18. O-O h6 19. Rae1+ Kf8 20. a3 g5 21. Bb4 Bxb4 22. axb4 Kg7 23. Re7+ Kg6 24. Rfe1 Rh7 25. Rxh7 Kxh7 26. Re7+ Kg6 27. Bf7+ Kf5 28. g4+ Kf4 29. Kg2 1-0

[Event "26th Klatovy B 2018"]
[Site "Klatovy CZE"]
[Date "2018.07.02"]
[Round "3.1"]
[White "Nagy, Ladislav"]
[Black "Danko, Jiri"]
[Result "0-1"]
[WhiteElo "1740"]
[BlackElo "1954"]
[PlyCount "116"]
[EventDate "2018.06.30"]
[EventType "swiss"]
[EventRounds "9"]
[EventCountry "CZE"]

1. Nf3 g6 2. g3 Bg7 3. Bg2 Nf6 4. O-O O-O 5. c4 c6 6. Nc3 d6 7. Rb1 d5 8. cxd5 cxd5 9. d4 Bf5 10. Ra1 Nc6 11. a3 Rc8 12. Na4 b6 13. b4 Ne4 14. Bf4 g5 15. Be3 h6 16. Rc1 e6 17. Nb2 Qd7 18. Nd3 f6 19. Qa4 Qb7 20. Rc2 Rf7 21. Rfc1 Rfc7 22. Qb3 Ne7 23. Nfe1 Nd6 24. Nf3 Rxc2 25. Rxc2 Qd7 26. Nfe1 Rxc2 27. Qxc2 Nc4 28. Bc1 Bg6 29. Qb3 Bf7 30. e3 e5 31. Nc2 e4 32. Nb2 b5 33. a4 Nxb2 34. Bxb2 bxa4 35. Qc3 Bf8 36. Na3 a6 37. f3 f5 38. fxe4 fxe4 39. Bf1 Qe6 40. b5 axb5 41. Bxb5 Qg4 42. Qe1 Bh5 43. Bxa4 Ng6 44. Bb3 Qf5 45. Bd1 Bf3 46. Nb1 Qh3 47. Qd2 Bd6 48. Bxf3 exf3 49. Qf2 Qf5 50. Nc3 g4 51. Qd2 Bb4 52. Kf2 Nf8 53. Qc1 Ne6 54. Ba3 Ba5 55. Qb2 Bxc3 56. Qxc3 Kf7 57. Qb2 Qd3 58. Qc1 Qe2+ 0-1

[Event "26th Klatovy B 2018"]
[Site "Klatovy CZE"]
[Date "2018.07.02"]
[Round "3.2"]
[White "Masek, Jan"]
[Black "Kuta, Miroslav"]
[Result "1/2-1/2"]
[WhiteElo "1948"]
[BlackElo "1725"]
[PlyCount "42"]
[EventDate "2018.06.30"]
[EventType "swiss"]
[EventRounds "9"]
[EventCountry "CZE"]

1. e4 c6 2. d4 d5 3. e5 Bf5 4. c3 e6 5. f4 Nd7 6. Nf3 c5 7. Be2 cxd4 8. Nxd4 Be4 9. O-O Bc5 10. Nd2 Ne7 11. Kh1 Bg6 12. N2b3 O-O 13. g4 Be4+ 14. Bf3 Bxf3+ 15. Rxf3 Bxd4 16. Nxd4 Nc6 17. Rh3 Nxd4 18. cxd4 f6 19. Bd2 Rf7 20. Qe2 Nf8 21. Rc1 Rc8 1/2-1/2

[Event "26th Klatovy B 2018"]
[Site "Klatovy CZE"]
[Date "2018.07.02"]
[Round "3.3"]
[White "Kastner, Jan"]
[Black "Boucek, Vlastimil 1968"]
[Result "1-0"]
[WhiteElo "1930"]
[BlackElo "1715"]
[PlyCount "53"]
[EventDate "2018.06.30"]
[EventType "swiss"]
[EventRounds "9"]
[EventCountry "CZE"]

1. d4 d5 2. Nf3 Nf6 3. Bf4 Bf5 4. e3 e6 5. a3 Nbd7 6. Bd3 Bxd3 7. Qxd3 c6 8. Nbd2 h6 9. c4 Be7 10. c5 O-O 11. h3 Re8 12. g4 Nf8 13. Ne5 N6h7 14. h4 Bxh4 15. Qb3 Bf6 16. Qxb7 Bxe5 17. Bxe5 f6 18. Bd6 Qd7 19. Qa6 e5 20. dxe5 fxe5 21. O-O-O Ng5 22. f4 exf4 23. exf4 Nf7 24. Bxf8 Kxf8 25. g5 hxg5 26. fxg5 Re2 27. Qxe2 1-0

[Event "26th Klatovy B 2018"]
[Site "Klatovy CZE"]
[Date "2018.07.02"]
[Round "3.4"]
[White "Zednik, Zdenek"]
[Black "Novotny, David"]
[Result "1/2-1/2"]
[WhiteElo "1913"]
[BlackElo "1715"]
[PlyCount "90"]
[EventDate "2018.06.30"]
[EventType "swiss"]
[EventRounds "9"]
[EventCountry "CZE"]

1. Nf3 d5 2. d4 c5 3. e3 Bg4 4. Be2 Nc6 5. h3 Bh5 6. O-O Nf6 7. Ne5 Bxe2 8. Qxe2 cxd4 9. Nxc6 bxc6 10. exd4 e6 11. f4 Qb6 12. c3 Bd6 13. Nd2 O-O 14. Rf3 Rfe8 15. Nf1 e5 16. fxe5 Rxe5 17. Be3 Re6 18. c4 Qxd4 19. Bxd4 Rxe2 20. cxd5 cxd5 21. Rf5 Rc8 22. Ne3 Bc5 23. Rc1 Rxe3 24. Rxc5 Rxc5 25. Bxc5 Re1+ 26. Kh2 a6 27. Bd4 Re6 28. Bxf6 Rxf6 29. Rxd5 g6 30. Rd2 h5 31. b4 Kg7 32. Kg3 g5 33. Rb2 h4+ 34. Kh2 Kg6 35. a4 Rb6 36. Kg1 Kf5 37. b5 axb5 38. Rxb5+ Rxb5 39. axb5 Ke5 40. Kf2 Kd5 41. Ke3 f5 42. b6 Kc6 43. Kd4 g4 44. Ke5 Kxb6 45. Kxf5 gxh3 1/2-1/2

[Event "26th Klatovy B 2018"]
[Site "Klatovy CZE"]
[Date "2018.07.02"]
[Round "3.5"]
[White "Zak, Jiri1"]
[Black "Kanka, Matej 2000"]
[Result "0-1"]
[WhiteElo "1702"]
[BlackElo "1905"]
[PlyCount "82"]
[EventDate "2018.06.30"]
[EventType "swiss"]
[EventRounds "9"]
[EventCountry "CZE"]

1. d4 Nf6 2. Nf3 g6 3. Bf4 Bg7 4. h3 O-O 5. e3 d6 6. Be2 Nbd7 7. O-O b6 8. c4 Bb7 9. Nc3 Re8 10. Qd2 e5 11. dxe5 Nxe5 12. Nxe5 dxe5 13. Qxd8 Raxd8 14. Bg5 h6 15. Bxf6 Bxf6 16. e4 Rd4 17. f3 Rd2 18. Rab1 c6 19. Rfd1 Red8 20. Kf1 Bc8 21. Rxd2 Rxd2 22. Bd1 Be6 23. Bb3 Be7 24. Ne2 Bc5 25. Ke1 Bb4 26. Kf1 Bc5 27. Ke1 Be3 28. Kf1 Kg7 29. Ke1 Kf6 30. Kf1 Ke7 31. Ke1 a5 32. a4 b5 33. Bd1 Bxc4 34. b3 Bd3 35. Ra1 b4 36. g3 Rb2 37. g4 Kf6 38. h4 c5 39. Kf1 Bd4 40. Rc1 Ra2 41. Ke1 Be3 0-1

[Event "26th Klatovy B 2018"]
[Site "Klatovy CZE"]
[Date "2018.07.02"]
[Round "3.6"]
[White "Jirasek, Jiri"]
[Black "Hosnedl, Matyas"]
[Result "1/2-1/2"]
[WhiteElo "1903"]
[BlackElo "1697"]
[PlyCount "46"]
[EventDate "2018.06.30"]
[EventType "swiss"]
[EventRounds "9"]
[EventCountry "CZE"]

1. d4 Nf6 2. c4 g6 3. Nc3 d5 4. Nf3 Bg7 5. e3 O-O 6. Qb3 c6 7. a4 e6 8. Ne5 Nbd7 9. f4 Nxe5 10. dxe5 dxc4 11. Bxc4 Nd5 12. Ne4 Qb6 13. a5 Qxb3 14. Bxb3 Rd8 15. Bd2 Bd7 16. Ke2 Bf8 17. Rhc1 Be7 18. g4 Rac8 19. h4 c5 20. h5 Bc6 21. hxg6 hxg6 22. Bc2 Bb5+ 23. Kf3 Bc6 1/2-1/2

[Event "26th Klatovy B 2018"]
[Site "Klatovy CZE"]
[Date "2018.07.02"]
[Round "3.7"]
[White "Novotny, Jaromir"]
[Black "Cipera, Josef"]
[Result "1/2-1/2"]
[WhiteElo "1780"]
[BlackElo "1688"]
[PlyCount "42"]
[EventDate "2018.06.30"]
[EventType "swiss"]
[EventRounds "9"]
[EventCountry "CZE"]

1. e4 c5 2. Nf3 d6 3. d4 cxd4 4. Nxd4 Nf6 5. Nc3 a6 6. h3 e5 7. Nf3 b5 8. Bd3 Bb7 9. Qe2 Be7 10. a3 Nbd7 11. Be3 Rc8 12. O-O Nc5 13. Bd2 Nxd3 14. cxd3 O-O 15. Rfd1 Qc7 16. Rac1 Qb8 17. Bg5 h6 18. Bh4 Rfe8 19. Ne1 g5 20. Bg3 Qa8 21. Qf3 Kg7 1/2-1/2

[Event "26th Klatovy B 2018"]
[Site "Klatovy CZE"]
[Date "2018.07.02"]
[Round "3.8"]
[White "Finek, Vaclav"]
[Black "Sova, Zdenek"]
[Result "1/2-1/2"]
[WhiteElo "1763"]
[BlackElo "1682"]
[PlyCount "65"]
[EventDate "2018.06.30"]
[EventType "swiss"]
[EventRounds "9"]
[EventCountry "CZE"]

1. e4 c5 2. Nf3 e6 3. d4 cxd4 4. Nxd4 a6 5. Bd3 Qc7 6. O-O Nf6 7. Qe2 d6 8. c4 Be7 9. Nc3 O-O 10. Kh1 Nc6 11. Nxc6 bxc6 12. f4 Nd7 13. Be3 e5 14. f5 Bb7 15. Rad1 Nf6 16. Bc2 Rfd8 17. Bb3 Rd7 18. Rd2 a5 19. Re1 Ba6 20. Qf3 Bb7 21. Red1 Rad8 22. Bg1 Ba8 23. Ba4 Qb8 24. Qg3 Nh5 25. Qf3 Nf6 26. Bf2 Ne8 27. Qh3 Bg5 28. Be3 Bxe3 29. Qxe3 Nf6 30. h3 h6 31. Qe2 Bb7 32. Rd3 Qc7 33. Qd2 1/2-1/2

[Event "26th Klatovy B 2018"]
[Site "Klatovy CZE"]
[Date "2018.07.02"]
[Round "3.9"]
[White "Gerigk, Daniel"]
[Black "Chmelik, Ladislav"]
[Result "0-1"]
[WhiteElo "1690"]
[BlackElo "1761"]
[PlyCount "54"]
[EventDate "2018.06.30"]
[EventType "swiss"]
[EventRounds "9"]
[EventCountry "CZE"]

1. e4 d6 2. d4 g6 3. Nf3 Bg7 4. Bc4 Nf6 5. e5 dxe5 6. Nxe5 O-O 7. O-O Nbd7 8. f4 c5 9. dxc5 Nxe5 10. fxe5 Qxd1 11. Rxd1 Ne4 12. Re1 Nxc5 13. Nc3 Be6 14. Nd5 Bxd5 15. Bxd5 Rad8 16. c4 e6 17. Bf3 Nd3 18. Re2 Nxe5 19. Rc2 Nxf3+ 20. gxf3 Rd1+ 21. Kf2 Rfd8 22. a4 Rh1 23. Kg3 Rdd1 24. Rb1 Rdg1+ 25. Kh3 g5 26. b4 Be5 27. Rg2 Rxc1 0-1

[Event "26th Klatovy B 2018"]
[Site "Klatovy CZE"]
[Date "2018.07.02"]
[Round "3.10"]
[White "Cyron, Karel"]
[Black "Matejka, Jaromir"]
[Result "0-1"]
[WhiteElo "1756"]
[BlackElo "1570"]
[PlyCount "94"]
[EventDate "2018.06.30"]
[EventType "swiss"]
[EventRounds "9"]
[EventCountry "CZE"]

1. e4 e6 2. d4 d5 3. Nc3 Nf6 4. Bg5 dxe4 5. Nxe4 Be7 6. Nxf6+ Bxf6 7. Bxf6 Qxf6 8. Nf3 O-O 9. Bd3 c5 10. O-O cxd4 11. Nxd4 Rd8 12. Nf3 Nc6 13. c3 e5 14. Qe2 Bg4 15. Be4 Rd6 16. Rfd1 Rad8 17. Rxd6 Qxd6 18. h3 Bxf3 19. Bxf3 Qd2 20. Rd1 Qxd1+ 21. Qxd1 Rxd1+ 22. Bxd1 b6 23. Bf3 Ne7 24. g4 Ng6 25. Kf1 Kf8 26. Ke1 Ke7 27. b4 Kd6 28. Kd2 Nf4 29. h4 g6 30. a4 f5 31. c4 e4 32. Bd1 Nd3 33. gxf5 gxf5 34. f3 Nxb4 35. fxe4 fxe4 36. Ke3 Ke5 37. Be2 Na6 38. Bh5 Nc5 39. Be8 Kf5 40. h5 h6 41. Bg6+ Ke5 42. Be8 a5 43. Bb5 Nb7 44. Bc6 Nd6 45. Bd5 Nf5+ 46. Kd2 Kd4 47. Bf7 Nd6 0-1

[Event "26th Klatovy B 2018"]
[Site "Klatovy CZE"]
[Date "2018.07.02"]
[Round "3.11"]
[White "Sedlak, Jakub"]
[Black "Flajsman, Petr"]
[Result "1-0"]
[WhiteElo "1500"]
[BlackElo "1753"]
[PlyCount "65"]
[EventDate "2018.06.30"]
[EventType "swiss"]
[EventRounds "9"]
[EventCountry "CZE"]

1. e4 c5 2. Nf3 Nc6 3. d4 cxd4 4. Nxd4 Qb6 5. Nxc6 bxc6 6. Nc3 d6 7. Bc4 Nf6 8. O-O g6 9. h3 Bg7 10. Rb1 Nd7 11. Be3 Qb4 12. Bb3 Bxc3 13. bxc3 Qxe4 14. Bh6 Qh4 15. Qd2 Ne5 16. Rfe1 Bxh3 17. Rxe5 dxe5 18. gxh3 g5 19. Bg7 Rg8 20. Rd1 Qxh3 21. Bxe5 Qg4+ 22. Bg3 Rg6 23. Qe1 Rh6 24. Rd4 Qf3 25. Bh2 Kf8 26. Qe5 Rf6 27. Bg3 Qxc3 28. Rd8+ Rxd8 29. Qxc3 h5 30. Be5 Rf5 31. Bc7 Rd1+ 32. Kg2 h4 33. Qh8# 1-0

[Event "26th Klatovy B 2018"]
[Site "Klatovy CZE"]
[Date "2018.07.02"]
[Round "3.12"]
[White "Chmelik, Benedikt"]
[Black "Vavrinkova, Eliska"]
[Result "1/2-1/2"]
[WhiteElo "1475"]
[BlackElo "1746"]
[PlyCount "90"]
[EventDate "2018.06.30"]
[EventType "swiss"]
[EventRounds "9"]
[EventCountry "CZE"]

1. e4 d5 2. exd5 Qxd5 3. Nc3 Qd6 4. d4 Nf6 5. Nf3 a6 6. g3 Bg4 7. Bg2 Nc6 8. Be3 e6 9. O-O Be7 10. a3 O-O 11. Qd2 Rad8 12. Rad1 Na5 13. Ne4 Nxe4 14. Qxa5 c5 15. c3 Bf6 16. h3 Bh5 17. b4 b6 18. bxc5 bxa5 19. cxd6 Nxc3 20. Rd3 Nb5 21. Rc1 Bxf3 22. Bxf3 Rxd6 23. d5 exd5 24. Rxd5 Rxd5 25. Bxd5 Nxa3 26. Rc6 Rd8 27. Bf3 h6 28. Rxa6 Nc4 29. Bxh6 a4 30. Bf4 Nb2 31. Bc6 Rd4 32. Ra8+ Rd8 33. Rxd8+ Bxd8 34. Bc1 a3 35. Bxb2 axb2 36. Be4 g6 37. Kf1 Kg7 38. Ke2 Kf6 39. f4 Bb6 40. Bb1 Ke6 41. Kd3 Bf2 42. g4 Kd5 43. Bc2 Kc5 44. Kc3 f6 45. Kxb2 g5 1/2-1/2

[Event "26th Klatovy B 2018"]
[Site "Klatovy CZE"]
[Date "2018.07.02"]
[Round "3.13"]
[White "Krupansky, Jaromir"]
[Black "Kovar, Petr2"]
[Result "1/2-1/2"]
[WhiteElo "1765"]
[BlackElo "1944"]
[PlyCount "60"]
[EventDate "2018.06.30"]
[EventType "swiss"]
[EventRounds "9"]
[EventCountry "CZE"]

1. e4 c5 2. Nf3 d6 3. Bb5+ Bd7 4. Bxd7+ Qxd7 5. O-O Nc6 6. d3 g6 7. Qe2 Bg7 8. Re1 e6 9. c3 Nge7 10. Nbd2 O-O 11. Nf1 b5 12. Bd2 a5 13. Rac1 b4 14. Rc2 Rfb8 15. b3 a4 16. Rec1 axb3 17. axb3 Ra3 18. Rb1 bxc3 19. Bxc3 e5 20. Rcb2 Qe6 21. Ng5 Qf6 22. Nf3 h6 23. Ne3 Nb4 24. Nc4 Raa8 25. Nfd2 Na2 26. Rc2 Nxc3 27. Rxc3 d5 28. Nb2 Qd6 29. Na4 Rc8 30. Rbc1 Ra5 1/2-1/2

[Event "26th Klatovy B 2018"]
[Site "Klatovy CZE"]
[Date "2018.07.02"]
[Round "3.14"]
[White "Schille, Hannes"]
[Black "Zidu, Jan"]
[Result "1/2-1/2"]
[WhiteElo "1750"]
[BlackElo "1913"]
[PlyCount "56"]
[EventDate "2018.06.30"]
[EventType "swiss"]
[EventRounds "9"]
[EventCountry "CZE"]

1. d4 Nf6 2. Bf4 d5 3. Nf3 c5 4. c3 Qb6 5. Qc2 Nc6 6. e3 Bg4 7. Nbd2 e6 8. Qb3 Qxb3 9. axb3 Nh5 10. Ne5 Nxf4 11. Nxg4 h5 12. Ne5 Nxe5 13. dxe5 Ng6 14. Bb5+ Kd8 15. Nf3 Be7 16. Bd3 Kc7 17. Bxg6 fxg6 18. Rg1 a6 19. Ke2 g5 20. g4 h4 21. Rgd1 Rhf8 22. Rac1 Rf7 23. Ne1 Raf8 24. f3 Kc6 25. c4 Rd8 26. b4 d4 27. exd4 cxd4 28. Nd3 Rdf8 1/2-1/2

[Event "26th Klatovy B 2018"]
[Site "Klatovy CZE"]
[Date "2018.07.02"]
[Round "3.15"]
[White "Roskovec, Bedrich"]
[Black "Mejzr, Jan"]
[Result "1/2-1/2"]
[WhiteElo "1641"]
[BlackElo "1897"]
[PlyCount "67"]
[EventDate "2018.06.30"]
[EventType "swiss"]
[EventRounds "9"]
[EventCountry "CZE"]

1. e4 e5 2. Nf3 Nc6 3. Bb5 Nf6 4. Qe2 Nd4 5. Nxd4 exd4 6. d3 Be7 7. O-O O-O 8. Nd2 a5 9. a3 Re8 10. Qd1 c6 11. Bc4 d5 12. exd5 Nxd5 13. Ne4 Be6 14. Qh5 Nf6 15. Nxf6+ Bxf6 16. Bxe6 Rxe6 17. Bd2 Re5 18. Qf3 Rc5 19. Rac1 Bg5 20. Bxg5 Qxg5 21. Qe4 Qe5 22. Rfe1 Re8 23. f3 f5 24. Qh4 Rxc2 25. Rxe5 Rxc1+ 26. Kf2 Rc2+ 27. Kg3 Rxe5 28. Qxd4 Ree2 29. Kf4 Re8 30. Qd7 Rce2 31. Qxb7 Rxg2 32. Qxc6 Rf8 33. Qe6+ Rf7 34. Qe8+ 1/2-1/2

[Event "26th Klatovy B 2018"]
[Site "Klatovy CZE"]
[Date "2018.07.02"]
[Round "3.16"]
[White "Kohout, Josef 1953"]
[Black "Simunek, Jakub Simon"]
[Result "1-0"]
[WhiteElo "1888"]
[BlackElo "1578"]
[PlyCount "61"]
[EventDate "2018.06.30"]
[EventType "swiss"]
[EventRounds "9"]
[EventCountry "CZE"]

1. Nf3 Nf6 2. Nc3 d5 3. d4 e6 4. g3 c6 5. a3 a5 6. Bg2 Bd6 7. O-O Qc7 8. Re1 Nbd7 9. e4 dxe4 10. Nxe4 Nxe4 11. Rxe4 Nf6 12. Re2 Bd7 13. Ne5 h6 14. c4 O-O 15. Nd3 b5 16. c5 Be7 17. Bf4 Qb7 18. Re5 Ra7 19. h3 Rfa8 20. b3 Bd8 21. Re1 Nd5 22. Bd2 Bf6 23. Ne5 b4 24. a4 Rb8 25. Qh5 g6 26. Qxh6 Bg7 27. Qh4 Nc3 28. Bg5 Qa6 29. Bf1 Qc8 30. Bd3 Be8 31. Ng4 1-0

[Event "26th Klatovy B 2018"]
[Site "Klatovy CZE"]
[Date "2018.07.02"]
[Round "3.17"]
[White "Svec, Ludek"]
[Black "Perik, Alois"]
[Result "1/2-1/2"]
[WhiteElo "1618"]
[BlackElo "1832"]
[PlyCount "82"]
[EventDate "2018.06.30"]
[EventType "swiss"]
[EventRounds "9"]
[EventCountry "CZE"]

1. d4 d5 2. Nf3 Nf6 3. c4 e6 4. g3 Bb4+ 5. Bd2 Bxd2+ 6. Nbxd2 O-O 7. Bg2 b6 8. O-O Bb7 9. Ne5 Nbd7 10. Nxd7 Qxd7 11. Rc1 Rac8 12. Re1 c5 13. dxc5 bxc5 14. cxd5 exd5 15. Nb3 c4 16. Nd4 Rfe8 17. Rc3 Ne4 18. Bxe4 Rxe4 19. Kg2 h5 20. e3 g6 21. Re2 Rce8 22. Rec2 Bc8 23. Ra3 h4 24. Rcc3 hxg3 25. hxg3 Kg7 26. Kg1 Rh8 27. Qf1 Re5 28. Qg2 Reh5 29. Rc1 Qb7 30. Rc2 Bh3 31. Qf3 Qb4 32. Rac3 R8h7 33. e4 Qf8 34. exd5 Qh8 35. Qf4 Bf5 36. Qe5+ f6 37. Qe7+ Kh6 38. Qe3+ Kg7 39. Qe7+ Kh6 40. Qe3+ Kg7 41. Qe7+ Kh6 1/2-1/2

[Event "26th Klatovy B 2018"]
[Site "Klatovy CZE"]
[Date "2018.07.02"]
[Round "3.18"]
[White "Vachal, Josef1"]
[Black "Asatryan, Manvel"]
[Result "1/2-1/2"]
[WhiteElo "1829"]
[BlackElo "1574"]
[PlyCount "48"]
[EventDate "2018.06.30"]
[EventType "swiss"]
[EventRounds "9"]
[EventCountry "CZE"]

1. e4 d6 2. d4 Nf6 3. Nc3 c6 4. f3 e5 5. dxe5 dxe5 6. Qxd8+ Kxd8 7. Bg5 Be7 8. O-O-O+ Kc7 9. Bc4 Rf8 10. a3 b5 11. Bb3 a5 12. a4 b4 13. Nb1 Na6 14. Ne2 Nc5 15. Nd2 Nxb3+ 16. cxb3 Ba6 17. Rhe1 Rfd8 18. Nc4 Bxc4 19. bxc4 Kb6 20. b3 Rxd1+ 21. Rxd1 Rd8 22. Be3+ c5 23. Rxd8 Bxd8 24. Kc2 Kc6 1/2-1/2

[Event "26th Klatovy B 2018"]
[Site "Klatovy CZE"]
[Date "2018.07.02"]
[Round "3.19"]
[White "Pucholt, Martin"]
[Black "Rezac, Jindrich"]
[Result "0-1"]
[WhiteElo "1570"]
[BlackElo "1806"]
[PlyCount "62"]
[EventDate "2018.06.30"]
[EventType "swiss"]
[EventRounds "9"]
[EventCountry "CZE"]

1. e4 c5 2. Nf3 Nc6 3. d4 cxd4 4. Nxd4 d6 5. Nc3 g6 6. Be3 Bg7 7. a4 Nf6 8. f3 Bd7 9. Bc4 O-O 10. Ba2 Qb6 11. Qd2 Nxe4 12. Nxc6 Qxb2 13. Nxe7+ Kh8 14. Rb1 Nxd2 15. Rxb2 Bxc3 16. Rxb7 Nxf3+ 17. Kf2 Ne5 18. Bxa7 Rxa7 19. Rxa7 Bd4+ 20. Kg3 Bxa7 21. h4 h5 22. Bb3 f5 23. Kf4 Kg7 24. Ra1 Rb8 25. Nd5 Be6 26. Kg3 Bxd5 27. Bxd5 Rb4 28. a5 Rg4+ 29. Kh3 Bf2 30. g3 Rxg3+ 31. Kh2 Ng4+ 0-1

[Event "26th Klatovy B 2018"]
[Site "Klatovy CZE"]
[Date "2018.07.02"]
[Round "3.20"]
[White "Lener, Jaroslav 1975"]
[Black "Merinsky, Vaclav"]
[Result "1/2-1/2"]
[WhiteElo "1792"]
[BlackElo "1565"]
[PlyCount "29"]
[EventDate "2018.06.30"]
[EventType "swiss"]
[EventRounds "9"]
[EventCountry "CZE"]

1. Nf3 Nf6 2. c4 g6 3. Nc3 Bg7 4. d4 d6 5. h3 Nbd7 6. e4 e5 7. dxe5 Nxe5 8. Nxe5 dxe5 9. Qxd8+ Kxd8 10. Bg5 c6 11. Be2 Kc7 12. f4 Nd7 13. fxe5 Bxe5 14. Kd2 Nc5 15. Bf3 1/2-1/2

[Event "26th Klatovy B 2018"]
[Site "Klatovy CZE"]
[Date "2018.07.02"]
[Round "3.21"]
[White "Dvorakova, Olga"]
[Black "Vavrinek, Tomas"]
[Result "1-0"]
[WhiteElo "1556"]
[BlackElo "1785"]
[PlyCount "71"]
[EventDate "2018.06.30"]
[EventType "swiss"]
[EventRounds "9"]
[EventCountry "CZE"]

1. d4 d5 2. c4 Nf6 3. Nc3 c6 4. Bg5 e6 5. e3 Bb4 6. a3 Bxc3+ 7. bxc3 Qa5 8. Rc1 Ne4 9. Bf4 Qxa3 10. Qc2 Nd7 11. Bd3 Nef6 12. Nf3 dxc4 13. Bxc4 Nb6 14. Bd3 Nbd5 15. Bg3 Nh5 16. Bh4 h6 17. O-O g5 18. Bg3 Nxg3 19. hxg3 Bd7 20. Ne5 Ke7 21. Nc4 Qxc3 22. Qxc3 Nxc3 23. Rxc3 Rag8 24. f3 g4 25. Kf2 h5 26. Rh1 Rg5 27. Rb3 Bc8 28. f4 Rd5 29. Be4 Rd7 30. Ne5 Rd6 31. Nxg4 f5 32. Ne5 Rh6 33. Bf3 c5 34. Bxb7 Bxb7 35. Rxb7+ Kf8 36. Nf7 1-0

[Event "26th Klatovy B 2018"]
[Site "Klatovy CZE"]
[Date "2018.07.02"]
[Round "3.22"]
[White "Hartmann, Andreas 1969"]
[Black "Beran, Jakub"]
[Result "1-0"]
[WhiteElo "1847"]
[BlackElo "1349"]
[PlyCount "173"]
[EventDate "2018.06.30"]
[EventType "swiss"]
[EventRounds "9"]
[EventCountry "CZE"]

1. c4 e5 2. g3 Nc6 3. Bg2 Bc5 4. a3 Nf6 5. e3 O-O 6. Nc3 Re8 7. b4 Bf8 8. Nge2 g6 9. O-O Bg7 10. Bb2 d6 11. d4 exd4 12. Nxd4 Nxd4 13. exd4 Rb8 14. Qd2 b6 15. Rfe1 Bb7 16. d5 Qd7 17. Nb5 Ra8 18. Rxe8+ Nxe8 19. Bxg7 Nxg7 20. Re1 a6 21. Nc3 Re8 22. Ne4 Qe7 23. Qc3 Kf8 24. Re3 Qe5 25. Qxe5 Rxe5 26. Nf6 Rxe3 27. fxe3 h5 28. Bh3 Ke7 29. Ne4 c6 30. dxc6 Bxc6 31. Nc3 Ne6 32. b5 axb5 33. cxb5 Bb7 34. Bxe6 Kxe6 35. Na4 Kd5 36. Nxb6+ Kc5 37. Na4+ Kxb5 38. Nb2 d5 39. Kf2 Bc6 40. Ke2 Kc5 41. Nd3+ Kd6 42. Nb2 Kc5 43. Kd3 Bb5+ 44. Kc3 f5 45. h4 Bc6 46. Nd3+ Kd6 47. Kd4 Be8 48. Nf4 Bf7 49. a4 Kc6 50. Kc3 Kc5 51. Nd3+ Kb6 52. Kb4 Be8 53. Ne5 Ka6 54. a5 Kb7 55. Nd3 Kc6 56. Nf4 Bf7 57. Ne2 Be8 58. Nd4+ Kb7 59. Nb5 Bc6 60. Kc5 Bd7 61. Nd6+ Ka6 62. Kxd5 Kxa5 63. Ke5 Kb4 64. Kf6 Kc5 65. Nf7 Kd5 66. Ng5 Be8 67. Ke7 Ba4 68. Kf7 Bd1 69. Kxg6 Bg4 70. Kf6 Kc4 71. Ke5 Kd3 72. Kf4 Ke2 73. Ne6 Kf2 74. Nd4 Kg2 75. Nxf5 Bxf5 76. Kxf5 Kxg3 77. Kg5 Kf3 78. Kxh5 Kxe3 79. Kg6 Ke4 80. h5 Kf3 81. h6 Kg2 82. h7 Kg3 83. h8=Q Kg2 84. Qb2+ Kh1 85. Qd2 Kg1 86. Kg5 Kh1 87. Kg4 1-0